000
00177 a2200097 4500
020
_a
9788434813724
041
_a
spa
100
_a
Pilar Mateos
245
_a
Molinete
942
_c
K
999
_c
27327
_d
27327